Sports Quiz

Random Sports Quiz
Score 0/88 Timer 07:00
0 Plays Today
Match Answer % Correct
KuwaitÉric Cantona
98.3%
East GermanyÉric Cantona
98.3%
West GermanyÉric Cantona
98.3%
HungaryÉric Cantona
98.3%
PolandÉric Cantona
98.3%
IcelandÉric Cantona
98.3%
CzechoslovakiaÉric Cantona
98.3%
West GermanyJean-Pierre Papin
97.5%
PolandJean-Pierre Papin
97.5%
IcelandJean-Pierre Papin
97.5%
CzechoslovakiaJean-Pierre Papin
97.5%
KuwaitBasile Boli
92.9%
East GermanyDidier Deschamps
92.9%
West GermanyBasile Boli
92.9%
West GermanyDidier Deschamps
92.9%
IcelandBasile Boli
92.9%
IcelandDidier Deschamps
92.9%
CzechoslovakiaBasile Boli
92.9%
CzechoslovakiaDidier Deschamps
92.9%
AlbaniaBasile Boli
92.9%
AlbaniaDidier Deschamps
92.9%
East GermanyBruno Martini
92.5%
West GermanyBruno Martini
92.5%
HungaryBruno Martini
92.5%
PolandBruno Martini
92.5%
IcelandBruno Martini
92.5%
CzechoslovakiaBruno Martini
92.5%
AlbaniaBruno Martini
92.5%
KuwaitLaurent Blanc
90.4%
KuwaitManuel Amoros
90.4%
Match Answer % Correct
East GermanyManuel Amoros
90.4%
East GermanyLaurent Blanc
90.4%
West GermanyManuel Amoros
90.4%
HungaryManuel Amoros
90.4%
PolandManuel Amoros
90.4%
IcelandManuel Amoros
90.4%
IcelandLaurent Blanc
90.4%
CzechoslovakiaLaurent Blanc
90.4%
AlbaniaLaurent Blanc
90.4%
KuwaitFranck Sauzée
87.4%
East GermanyFranck Sauzée
87.4%
HungaryFranck Sauzée
87.4%
PolandFranck Sauzée
87.4%
IcelandFranck Sauzée
87.4%
CzechoslovakiaFranck Sauzée
87.4%
AlbaniaFranck Sauzée
87.4%
CzechoslovakiaJocelyn Angloma
86.6%
East GermanyÉric Di Meco
84.5%
West GermanyÉric Di Meco
84.5%
East GermanyBernard Casoni
83.3%
West GermanyBernard Casoni
83.3%
HungaryBernard Casoni
83.3%
PolandBernard Casoni
83.3%
IcelandBernard Casoni
83.3%
CzechoslovakiaBernard Casoni
83.3%
AlbaniaBernard Casoni
83.3%
HungaryLuis Fernandez
80.8%
PolandLuis Fernandez
80.8%
HungaryChristian Perez
75.7%
PolandChristian Perez
75.7%
Match Answer % Correct
IcelandChristian Perez
75.7%
AlbaniaChristian Perez
75.7%
CzechoslovakiaJean-Philippe Durand
74.1%
KuwaitBernard Pardo
73.6%
East GermanyBernard Pardo
73.6%
West GermanyBernard Pardo
73.6%
HungaryBernard Pardo
73.6%
PolandBernard Pardo
73.6%
IcelandBernard Pardo
73.6%
AlbaniaBernard Pardo
73.6%
KuwaitPascal Vahirua
72%
East GermanyPascal Vahirua
72%
CzechoslovakiaPascal Vahirua
72%
AlbaniaPascal Vahirua
72%
PolandEmmanuel Petit
70.3%
East GermanyJean-Marc Ferreri
69%
West GermanyJean-Marc Ferreri
69%
HungaryJean-Marc Ferreri
69%
PolandJean-Marc Ferreri
69%
AlbaniaJean-Marc Ferreri
69%
KuwaitGilles Rousset
64.9%
KuwaitFranck Silvestre
60.7%
HungaryFranck Silvestre
60.7%
KuwaitMarcel Dib
48.1%
KuwaitRémi Garde
41.8%
West GermanyRémi Garde
41.8%
HungaryPhilippe Tibeuf
34.7%
AlbaniaPhilippe Tibeuf
34.7%
Remove Ads.
Support Sporcle.
Get the best of Sporcle when you Go Orange. This ad-free experience offers more features, more stats, and more fun while also helping to support Sporcle. Thank you for becoming a member.

You're not logged in!

Compare scores with friends on all Sporcle quizzes.
OR
Log In

Show Comments

Extras

Top Quizzes Today


Score Distribution

Your Account Isn't Verified!

In order to create a playlist on Sporcle, you need to verify the email address you used during registration. Go to your Sporcle Settings to finish the process.

Report this User

Report this user for behavior that violates our Community Guidelines.

Details: